000 00685nam a2200229Ia 4500
008 191130s2010##################000#0#eng##
020 _a9780071545495
022 _a2010485624
040 _aACL
_cACL
082 _a332.6 ELL
100 _aEllis, Charles
245 _aWinning the loser's game : timeless strategies for successful investing
_cCharles D. Ellis
250 _a5th ed
260 _aNew York
_bMcGraw-Hill
_cc2010
300 _axix, 234 p. : ill. ; 24 cm
500 _aIncludes bibliographical references and index
650 _aInvestment analysis
650 _aInvestments
990 _a14fd9bacac10000c09793760c620db0f
991 _a142968
999 _c97197
_d97197